| 000 | 00531nam a22001817a 4500 | ||
|---|---|---|---|
| 003 | OSt | ||
| 005 | 20260108050252.0 | ||
| 008 | 260108b |||||||| |||| 00| 0 eng d | ||
| 020 | _a978-1-40830-504-1 | ||
| 040 |
_aDWCL - Main Lib _cOC |
||
| 082 | _aFic. M438m 2009 | ||
| 100 | _aMatthews, Andrew | ||
| 245 |
_aThe merchant of Venice: _ba Shakespeare story / _cAndrew Matthews |
||
| 260 |
_aLondon: _bOrchard books, _cc2009. |
||
| 300 |
_a63 p.: _bill.; _c20cm. |
||
| 700 |
_aRoss, Tony _eIllustrator |
||
| 942 |
_2ddc _cFIC. _mFic. _n0 |
||
| 999 |
_c7219 _d7219 |
||